000 00759nam a2200193 i 4500
001 67852
003 ES-MaACL
005 20230906170147.0
007 t|
008 040206s1943 sp ||||1| spa d
100 1 _aGallart Monés, Francisco.
_9183213
245 1 0 _aPatología abdominal clínica /
_cpublicada bajo la dirección de Francisco Gallart Monés.
260 _aBarcelona :
_bSalvat,
_c[1943] (
_fImp. Hispano-Americana)
300 _aX, 683 p. :
_bil. ;
_c27 cm.
500 _aPrecede al tít.: Escuela de Patología Digestiva del Hospital de Sta. Cruz y S. Pablo de Barcelona.
710 2 _aEscuela de Patología Digestiva del Hospital de Sta. Cruz y S. Pablo de Barcelona.
_93558
852 _aES-MaACL
_jE-151
_bR.19822
999 _c67852
_d67852